000 00318nam a22001457a 4500
008 230531b ||||| |||| 00| 0 eng d
020 _a9780077349684
041 _aeng
080 _2NINTH EDITION
_a615
082 _a615FAH
100 _a16
101 _aEGZ
245 _aFIT & WELL
_cFAHEY.D.TH
942 _2udc
_cBK
999 _c59881
_d59881